| Registos Bibliográficos associados ao registo de autoridade |
|
Etiqueta de registo: 00000nam 2200025 450 001 2284303 003 http://id.bnportugal.gov.pt/bib/catbnp/2284303 100 ## $a20260414d2026 k y0pory01030103ba 101 0# $apor$deng 102 ## $aPT 105 ## $aa m 000yy 106 ## $ar 200 1# $aCultura e inovação nos reguladores do setor financeiro$e as ligações entre estratégia, cultura e inovação$fJoão Miguel Pinheiro Lopes da Silva Ferreira$gorient. Sónia Marisa Pedroso Gonçalves Bogas 210 #9 $aLisboa$c[s.n.],$d2026 215 ## $a335 p.$cil.$d30 cm 328 #1 $aTese dout. Políticas de Desenvolvimento de Recursos Humanos, Instituto Superior de
Ciências Sociais e Políticas, Universidade de Lisboa, 2026 675 ## $a005.2/.3(469+81)(043)$vBN$zpor$31996512 675 ## $a005.59(469+81)(043)$vBN$zpor$31996513 675 ## $a346.6/.7(469+81)(043)$vBN$zpor$31996514 700 #1 $aFerreira,$bJoão Miguel Pinheiro Lopes da Silva$31995590 702 #1 $aBogas,$bSónia Marisa Pedroso Gonçalves$4727$31710369 801 #0 $aPT$bBN$gRPC 966 ## $lBN$mFGMON$sP. 72591 V.$x1 971 ## $corlando$d20260414 973 ## $cigoulao$d20260421
|
|
|